Plenér Liptov. Mystérium prírody 2003

Bibliographic Details
Corporate Author: Plenér Liptov Jasná, Slovensko (Author)
Other Authors: Petráš, Pavol, 1931- (Compiler), Petrášová, Zora, 1955- (tex), Berníková, Zuzana (Translator), Rengevič, Vladimír (fot)
Format: Conference Proceeding Book
Language:Slovak
PhysicalDescription:nestr. fareb. fotogr. 21 cm
Published: Liptovský Mikuláš Galéria P. M. Bohúňa [2003]
ISBN:8085706350
Edition:[1. vyd.]
Subjects:

MARC

LEADER 00000nam a2200000 a 4500
001 vtls001475791
003 SK-MaSNL
005 20260301122111.0
008 160624s2003 xo a 0 slo
015 |a SNBE2004/03-01076 
020 |a 8085706350 
035 |a SNK000431092 
040 |a SNK  |b slo  |c SNK  |e AACR2 
041 0 |a slo 
044 |a xo  |c SK 
072 7 |a 73  |x Sochárstvo, keramika, porcelán, umelecké spracovanie kovov  |2 konspekt 
080 |a 730  |2 1981 
080 |a 75  |2 1981 
080 |a (083.824)  |2 1981 
111 1 |a Plenér Liptov  |n (5. :  |d 2003 :  |c Jasná, Slovensko)  |4 aut  |9 36610 
245 1 |a Plenér Liptov. Mystérium prírody 2003  |c zostavovateľ: P. Petráš ; text: Zora Petrášová-Margová ; preklad: Zuzana Berníková ; foto: Vladimír Rengevič 
250 |a [1. vyd.] 
260 |a Liptovský Mikuláš  |b Galéria P. M. Bohúňa  |c [2003] 
300 |a nestr.  |b fareb. fotogr.  |c 21 cm 
500 |a Súbež. text angl. 
500 |a 1000 výt. 
504 |a Biogr. údaje 
610 2 7 |a Plenér Liptov  |n (5. :  |d 2003 :  |c Jasná, Slovensko)  |2 SNKKA  |9 467180 
611 2 7 |a Plenér Liptov  |n (5. :  |d 2003 :  |c Jasná, Slovensko)  |2 SNKKA  |9 36610 
650 0 7 |a sochárstvo  |2 SNKPH  |9 1038 
650 0 7 |a maliarstvo  |2 SNKPH  |9 812 
655 7 |a katalógy výstav  |2 SNKPH  |9 70445 
700 1 |a Petráš, Pavol,  |d 1931-  |4 com  |9 113578 
700 1 |a Petrášová, Zora,  |d 1955-  |4 tex  |9 112826 
700 1 |a Berníková, Zuzana  |4 trl  |9 423850 
700 1 |a Rengevič, Vladimír  |4 fot  |9 279699 
919 |a 80-85706-35-0 
999 |c 731649  |d 733579 
952 |t P60, <04>, [BOOK], {604}  |a SNK  |b SNK  |y VYP  |7 0  |p 17A0430724  |o snkOSB 14004 D1  |i snkKSP 7182/2004  |0 0  |1 0  |4 0  |d 2004-05-31  |l 0  |r 2005-01-02 00:00:00  |w 2026-02-23 
952 |t P60, <03>, [BOOK], {603}  |a SNK  |b SNK  |y PREZ  |7 0  |p 17A0430725  |o snkOSB 14004  |i snkKSP 7181/2004  |0 0  |1 0  |4 0  |d 2004-05-31  |l 0  |r 2005-01-02 00:00:00  |w 2026-02-23